Mimoriadny snem združenia bývalých politických väzňov

Bibliographic Details
Format: Article
Language:Slovak
Subjects:

MARC

LEADER 00000nab a2200000 ar4500
001 vtls008953305
003 SK-MaSNL
005 20260303070252.0
008 070308c2007 xo wr|p|||||||000 b|slo
038 |a PPPK 
040 |a PPPKCL  |b slo  |c PPPK  |e AACR2 
041 0 |a slo 
044 |a xo  |c SK 
080 |a 323.28:061.23  |2 1997 
080 |a 06.053.8  |2 1997 
245 0 0 |a Mimoriadny snem združenia bývalých politických väzňov  |c [autor] (ppp) 
610 2 7 |a Svetové združenie bývalých československých politických väzňov (Poprad, Slovensko)  |2 pppkcl  |9 1046142 
610 2 7 |a Slovenská asociácia násilne odvlečených (SANO)  |2 pppkcl  |9 1067477 
648 7 |a 2006  |2 pppkcl  |9 313148 
650 0 7 |a mimoriadne snemy  |2 pppkcl  |9 1027697 
651 7 |a Poprad (Slovensko)  |2 pppkcl  |9 20155 
773 0 |t Poprad : noviny občanov mesta  |g Roč. XVII, č. 92 (2006), s. 1 
852 |a PPPK  |b KIS3GCP 
999 |c 1754627  |d 1756557